[Event "Oberpfalz-ch M1"]
[Site "Bad Koetzting"]
[Date "2018.03.27"]
[Round "8"]
[White "Berisha, Shpend"]
[Black "Schindler, Tobias"]
[Result "1/2-1/2"]
[WhiteElo "2044"]
[BlackElo "1888"]
[PlyCount "95"]
[EventDate "2018.03.24"]
[EventType "swiss"]
[EventRounds "8"]
[EventCountry "GER"]
[SourceTitle "EXT 2020"]
[Source "ChessBase"]
[SourceDate "2019.10.17"]
[SourceVersion "1"]
[SourceVersionDate "2019.10.17"]
[SourceQuality "1"]

1. d4 d5 2. Nf3 Nf6 3. c4 c6 4. Nc3 dxc4 5. a4 Bf5 6. Bg5 Ne4 7. Bf4 Qa5 8. Bd2 Nxd2 9. Qxd2 e6 10. e4 Bg6 11. Bxc4 Bb4 12. Bd3 Nd7 13. 0-0 0-0 14. e5 Bxd3 15. Qxd3 h6 16. Ne4 Rfd8 17. Rfd1 Nc5 18. Nxc5 Bxc5 19. Qc4 Be7 20. Qc3 Bb4 21. Qc4 Rd7 22. h3 Rad8 23. Qc2 Qd5 24. Rd3 c5 25. b3 Qe4 26. Rad1 b6 27. Qc4 Qd5 28. Qb5 Qe4 29. Kh2 Qe2 30. Kg1 Qe4 31. g3 Ba3 32. Nd2 Qf5 33. Nc4 Bb4 34. h4 Kh7 35. Nd6 Qg4 36. Kg2 Qe2 37. Qc4 Ba3 38. R1d2 Qh5 39. f3 Bb4 40. Rd1 Ba3 41. dxc5 Qxe5 42. Ne4 Rxd3 43. Rxd3 Rxd3 44. Qxd3 f5 45. Nd2 Bxc5 46. f4 Qe1 47. Nf3 Qe3 48. Qd1 1/2-1/2

[Event "Bayernliga U20 1718"]
[Site "Bayern"]
[Date "2018.03.10"]
[Round "7.1"]
[White "Schindler, Tobias"]
[Black "Vuckovic, Zarko"]
[Result "0-1"]
[WhiteElo "1894"]
[BlackElo "2087"]
[PlyCount "114"]
[EventDate "2017.11.18"]
[EventType "team-tourn"]
[EventRounds "7"]
[EventCountry "GER"]
[SourceTitle "EXT 2022"]
[Source "ChessBase"]
[SourceDate "2021.10.06"]
[SourceVersion "1"]
[SourceVersionDate "2021.10.06"]
[SourceQuality "1"]
[WhiteTeam "Kelheim SK U20"]
[BlackTeam "Augsburg SF U20"]
[WhiteTeamCountry "GER"]
[BlackTeamCountry "GER"]

1. c4 e5 2. g3 Nc6 3. Nc3 g6 4. Bg2 d6 5. e4 Be6 6. d3 Bg7 7. Nge2 h5 8. h4 Nh6 9. Nd5 0-0 10. 0-0 f5 11. Bg5 Qd7 12. Qd2 Kh7 13. b4 Nd8 14. Rad1 c6 15. Ne3 Ng4 16. exf5 gxf5 17. f3 Nxe3 18. Bxe3 d5 19. cxd5 Bxd5 20. d4 f4 21. gxf4 exd4 22. Nxd4 Ne6 23. Bh3 Qf7 24. Qd3+ Kh8 25. Nf5 Bf6 26. Kh2 Qh7 27. Ng3 Qxd3 28. Rxd3 Ng7 29. Rg1 Rae8 30. Bxa7 Bxh4 31. Bd4 Bf6 32. Ne4 Bxd4 33. Rxd4 Rxf4 34. Kg3 Ref8 35. Rd3 h4+ 36. Kg2 Rxe4 37. Rxd5 Rxb4 38. Rd2 Nh5 39. Bg4 Nf4+ 40. Kh2 Kg7 41. Bf5+ Kf6 42. Be4 Ne6 43. Rg4 Ng5 44. Rf2 Rh8 45. Rf4+ Ke7 46. Rg4 Rh5 47. Bg6 Rxg4 48. Bxh5 Rf4 49. Bg4 c5 50. Kg2 b5 51. Rd2 Rd4 52. Re2+ Kd6 53. Bf5 c4 54. Kf1 Nxf3 55. Re6+ Kd5 56. Kf2 Ne5 57. Rb6 Rf4+ 0-1

[Event "Landesliga Nord 1718"]
[Site "Bayern"]
[Date "2017.11.26"]
[Round "3.8"]
[White "Schindler, Tobias"]
[Black "Braun, Kristin"]
[Result "1/2-1/2"]
[WhiteElo "1894"]
[BlackElo "1851"]
[PlyCount "85"]
[EventDate "2017.10.22"]
[EventType "team-tourn"]
[EventRounds "9"]
[EventCountry "GER"]
[SourceTitle "EXT 2022"]
[Source "ChessBase"]
[SourceDate "2021.10.06"]
[SourceVersion "1"]
[SourceVersionDate "2021.10.06"]
[SourceQuality "1"]
[WhiteTeam "Kelheim SK"]
[BlackTeam "Forchheim SC II"]
[WhiteTeamCountry "GER"]
[BlackTeamCountry "GER"]

1. c4 Nf6 2. g3 g6 3. Bg2 Bg7 4. Nc3 0-0 5. d3 d6 6. e4 e5 7. Nge2 Nc6 8. 0-0 Nh5 9. Be3 f5 10. exf5 Bxf5 11. h3 Be6 12. Nd5 Qd7 13. Kh2 Nd4 14. Bxd4 exd4 15. Nef4 Nxf4 16. Nxf4 Rxf4 17. gxf4 c6 18. Qe2 Bh6 19. Rae1 Bxf4+ 20. Kg1 Bxh3 21. Bxh3 Qxh3 22. Qe6+ Qxe6 23. Rxe6 Kf7 24. Re4 g5 25. Rxd4 Re8 26. Re4 Rxe4 27. dxe4 Ke6 28. Rd1 c5 29. Kg2 h5 30. Rh1 h4 31. f3 Be5 32. Rb1 a6 33. Kh3 b5 34. b3 b4 35. Kg4 Bf4 36. Rd1 Kf6 37. Rd5 Be5 38. Rd3 Kg6 39. Rd5 Kf6 40. f4 Bxf4 41. Rf5+ Ke6 42. Kh3 Ke7 43. Kg4 1/2-1/2

[Event "Landesliga Nord 1617"]
[Site "Bayern"]
[Date "2017.04.02"]
[Round "8.8"]
[White "Muehlbayer, Kevin"]
[Black "Schindler, Tobias"]
[Result "1/2-1/2"]
[WhiteElo "2012"]
[BlackElo "1920"]
[PlyCount "116"]
[EventDate "2016.10.16"]
[EventType "team-tourn"]
[EventRounds "9"]
[EventCountry "GER"]
[SourceTitle "EXT 2019"]
[Source "ChessBase"]
[SourceDate "2018.10.10"]
[SourceVersion "1"]
[SourceVersionDate "2018.10.10"]
[SourceQuality "1"]
[WhiteTeam "Bindlach Aktionaer II"]
[BlackTeam "Kelheim"]
[WhiteTeamCountry "GER"]
[BlackTeamCountry "GER"]

1. d4 d5 2. Bf4 Nf6 3. e3 Bf5 4. Bd3 Bxd3 5. Qxd3 c6 6. Nd2 e6 7. h3 Bd6 8. Bxd6 Qxd6 9. f4 Nbd7 10. Ngf3 Nh5 11. g4 Nhf6 12. Ne5 Nb6 13. c3 Nfd7 14. 0-0-0 f6 15. Nxd7 Nxd7 16. Rhf1 0-0-0 17. e4 Rhf8 18. e5 Qe7 19. Qxh7 f5 20. gxf5 Rxf5 21. Rg1 Rxf4 22. Rxg7 Qh4 23. Qd3 Rf2 24. Rdg1 Rh8 25. Rg8+ Kc7 26. Rxh8 Qxh8 27. Qg3 Qf8 28. Rg2 Rf7 29. Qg6 Qe7 30. Rg3 Nb6 31. Qg4 Rf2 32. Rg2 Rf5 33. h4 Nc4 34. Qg7 Rf7 35. Qg5 Qf8 36. h5 Nxd2 37. Rxd2 Rf5 38. Qg6 Rf1+ 39. Kc2 Rh1 40. Qh7+ Kb6 41. Kb3 Qf1 42. Qe7 Qc4+ 43. Kc2 Qa4+ 44. Kd3 Qxa2 45. Qc5+ Ka6 46. Qa3+ Qxa3 47. bxa3 Rh3+ 48. Kc2 Rxh5 49. Rf2 Rh7 50. Rf8 Re7 51. Kb3 b6 52. Rb8 c5 53. Ka4 c4 54. Kb4 Rh7 55. Re8 Rh6 56. a4 Rg6 57. Re7 Rh6 58. Re8 Rg6 1/2-1/2

[Event "Bayernliga U20 1516"]
[Site "Bayern"]
[Date "2016.01.23"]
[Round "5.1"]
[White "Schulz, Lukas"]
[Black "Schindler, Tobias"]
[Result "1-0"]
[WhiteElo "2158"]
[BlackElo "1853"]
[PlyCount "119"]
[EventDate "2015.11.21"]
[EventType "team-tourn"]
[EventRounds "7"]
[EventCountry "GER"]
[SourceTitle "EXT 2022"]
[Source "ChessBase"]
[SourceDate "2021.10.06"]
[SourceVersion "1"]
[SourceVersionDate "2021.10.06"]
[SourceQuality "1"]
[WhiteTeam "Hoechstadt SC U20"]
[BlackTeam "Kelheim SK U20"]
[WhiteTeamCountry "GER"]
[BlackTeamCountry "GER"]

1. e4 c6 2. Ne2 d5 3. e5 Bf5 4. Ng3 Bg6 5. h4 h5 6. e6 fxe6 7. d4 Qd6 8. Bd3 e5 9. Bxg6+ Qxg6 10. dxe5 Nd7 11. Bf4 e6 12. Nd2 Ne7 13. c4 Nc5 14. 0-0 Nd3 15. Bg5 Nxe5 16. cxd5 Nxd5 17. Qb3 Rb8 18. Rfe1 Nf7 19. Nf3 Bb4 20. Re4 a5 21. a3 Bd6 22. Rae1 e5 23. Bd2 0-0 24. Bxa5 Kh8 25. Bd2 Nf6 26. R4e2 Ng4 27. Bc3 Bc5 28. Bb4 Bxb4 29. Qxb4 Rfd8 30. Ne4 Rd5 31. Neg5 Nxg5 32. hxg5 Rb5 33. Qc3 Rf8 34. a4 Rd5 35. Qb4 Rf7 36. Nxe5 Nxe5 37. Rxe5 Rxe5 38. Rxe5 Qb1+ 39. Re1 Qf5 40. Qh4 g6 41. Qd4+ Kh7 42. Re8 Rf8 43. Rxf8 Qxf8 44. Qd7+ Kh8 45. Qxb7 Qc5 46. Qc8+ Kh7 47. Qd7+ Kh8 48. Qd2 Qe7 49. a5 Qa7 50. Qd8+ Kh7 51. Qb6 Qe7 52. a6 Qxg5 53. a7 Qc1+ 54. Kh2 Qf4+ 55. g3 Qf8 56. Qb7+ Kh6 57. Kg2 Qf5 58. a8Q Qe4+ 59. Kh2 Qf3 60. Qh8+ 1-0

[Event "Nittenau-ch op 15th"]
[Site "Nittenau"]
[Date "2015.09.19"]
[Round "3"]
[White "Dornauer, Joachim"]
[Black "Schindler, Tobias"]
[Result "1-0"]
[WhiteElo "2168"]
[BlackElo "1748"]
[PlyCount "83"]
[EventDate "2015.09.18"]
[EventType "swiss"]
[EventRounds "5"]
[EventCountry "GER"]
[SourceTitle "EXT 2017"]
[Source "ChessBase"]
[SourceDate "2016.10.25"]
[SourceVersion "1"]
[SourceVersionDate "2016.10.25"]
[SourceQuality "1"]

1. d4 d5 2. c4 c6 3. Nf3 Nf6 4. Nc3 dxc4 5. a4 Bf5 6. e3 e6 7. Bxc4 Bb4 8. 0-0 0-0 9. Qe2 Bg6 10. Ne5 Nbd7 11. Nxg6 hxg6 12. Rd1 Qc7 13. Qc2 c5 14. d5 exd5 15. Nxd5 Nxd5 16. Bxd5 Nb6 17. Bf3 a5 18. b3 Nd7 19. Bb2 Nf6 20. Rd3 Rac8 21. Rad1 b6 22. Qc4 Rfd8 23. Bxf6 gxf6 24. Bd5 Kg7 25. g3 Rd7 26. e4 Rcd8 27. Kg2 Ba3 28. Qc2 Qe5 29. Qe2 Bb4 30. f4 Qe7 31. Qf3 Ba3 32. Qf2 Bb4 33. h4 Rh8 34. Qf3 Ba3 35. Qg4 Bb2 36. Bxf7 Rxd3 37. Qxg6+ Kf8 38. Rxd3 Bd4 39. Bd5 Qg7 40. Qf5 Qe7 41. h5 Qd8 42. Rxd4 1-0

[Event "Oberpfalz-ch M2"]
[Site "Schwandorf"]
[Date "2015.03.31"]
[Round "8"]
[White "Bruell, Martin"]
[Black "Schindler, Tobias"]
[Result "0-1"]
[WhiteElo "1803"]
[BlackElo "1666"]
[PlyCount "108"]
[EventDate "2015.03.28"]
[EventType "swiss"]
[EventRounds "8"]
[EventCountry "GER"]
[SourceTitle "EXT 2022"]
[Source "ChessBase"]
[SourceDate "2021.10.06"]
[SourceVersion "1"]
[SourceVersionDate "2021.10.06"]
[SourceQuality "1"]

1. e4 c6 2. d4 d5 3. e5 Bf5 4. Nf3 e6 5. Be2 Nd7 6. 0-0 Ne7 7. Be3 c5 8. c4 dxc4 9. Na3 cxd4 10. Bxd4 Nc6 11. Nxc4 Nc5 12. Nd6+ Bxd6 13. exd6 Ne4 14. Bxg7 Rg8 15. d7+ Qxd7 16. Qxd7+ Kxd7 17. Ne5+ Ke8 18. Nxc6 Rxg7 19. Nd4 Bh3 20. Bf3 Rd8 21. Rfd1 Ng5 22. Bxb7 Bg4 23. Bc6+ Ke7 24. Rd2 Bf3 25. Kf1 Rxd4 26. Rxd4 Bxc6 27. f3 e5 28. Rd2 Ne6 29. b4 Nd4 30. Kf2 Rg8 31. Re1 Kd6 32. Rc1 Rb8 33. a3 Rb5 34. f4 f6 35. fxe5+ fxe5 36. Rb1 Rb7 37. a4 Bxa4 38. Ra2 Bb5 39. Ke3 Rf7 40. Rd2 a6 41. Rc1 Ke6 42. Rb2 Nf5+ 43. Kd2 e4 44. Rb3 e3+ 45. Rxe3+ Nxe3 46. Kxe3 Rg7 47. g3 Kd5 48. Rc5+ Kd6 49. Rh5 Kc6 50. Kf4 Bd3 51. Rc5+ Kb6 52. Rd5 Bg6 53. g4 Rc7 54. Rd4 Kb5 0-1

[Event "Oberpfalz-ch M2"]
[Site "Schwandorf"]
[Date "2015.03.29"]
[Round "4"]
[White "Schindler, Tobias"]
[Black "Stark, Martin"]
[Result "1/2-1/2"]
[WhiteElo "1666"]
[BlackElo "1808"]
[PlyCount "51"]
[EventDate "2015.03.28"]
[EventType "swiss"]
[EventRounds "8"]
[EventCountry "GER"]
[SourceTitle "EXT 2022"]
[Source "ChessBase"]
[SourceDate "2021.10.06"]
[SourceVersion "1"]
[SourceVersionDate "2021.10.06"]
[SourceQuality "1"]

1. c4 e5 2. g3 Nf6 3. Bg2 d5 4. cxd5 Nxd5 5. Nc3 Nb6 6. Nf3 Nc6 7. 0-0 Be7 8. a3 0-0 9. b4 a6 10. Bb2 Nc4 11. Qc2 Nxb2 12. Qxb2 Be6 13. d3 f6 14. Rfc1 Rb8 15. Ne4 Na7 16. Nc5 Bd5 17. Rc2 c6 18. a4 Bd6 19. Nd2 Bxg2 20. Kxg2 Qe7 21. Nde4 f5 22. Nxd6 Qxd6 23. d4 e4 24. e3 Qe7 25. Rd1 Rfd8 26. Qb3+ 1/2-1/2

[Event "Landesliga U20 Nord 1415"]
[Site "Bayern"]
[Date "2015.03.21"]
[Round "7.3"]
[White "Nebel, Joshua"]
[Black "Schindler, Tobias"]
[Result "1/2-1/2"]
[WhiteElo "1372"]
[BlackElo "1853"]
[PlyCount "144"]
[EventDate "2014.11.15"]
[EventType "team-tourn"]
[EventRounds "7"]
[EventCountry "GER"]
[SourceTitle "EXT 2022"]
[Source "ChessBase"]
[SourceDate "2021.10.06"]
[SourceVersion "1"]
[SourceVersionDate "2021.10.06"]
[SourceQuality "1"]
[WhiteTeam "Klosterlechfeld U20"]
[BlackTeam "Kelheim SK U20"]
[WhiteTeamCountry "GER"]
[BlackTeamCountry "GE2"]

1. e4 c6 2. d4 d5 3. e5 Bf5 4. Nf3 e6 5. Bd3 Bxd3 6. Qxd3 Ne7 7. 0-0 Nf5 8. Bf4 Be7 9. Nbd2 0-0 10. c4 Nd7 11. Rac1 dxc4 12. Nxc4 Nb6 13. Ne3 Nd5 14. Nxf5 Nxf4 15. Nxe7+ Qxe7 16. Qe4 Nd5 17. Nd2 Rfd8 18. Nc4 Nc7 19. Nd6 Ne8 20. Nc4 Rd5 21. Ne3 Rd7 22. f4 Rad8 23. Rfd1 f5 24. exf6 Qxf6 25. f5 exf5 26. Nxf5 Nd6 27. Nxd6 Rxd6 28. Rc4 Rd5 29. a4 c5 30. Rf1 Rxd4 31. Rxf6 Rxe4 32. Rxe4 gxf6 33. Re7 Rd1+ 34. Kf2 Rd2+ 35. Kf3 Rxb2 36. Rc7 Rb4 37. a5 c4 38. Kf4 Ra4 39. Rxb7 Rxa5 40. Rc7 Ra2 41. Kf5 Rxg2 42. Rxc4 Rxh2 43. Kxf6 Rf2+ 44. Kg5 Kg7 45. Rc7+ Rf7 46. Rc6 Rb7 47. Rd6 h6+ 48. Kf5 Rb5+ 49. Kg4 Rb7 50. Kf5 Rf7+ 51. Kg4 Kh7 52. Kh4 Kg7 53. Kg4 Kf8 54. Rxh6 Ke7 55. Ra6 Kd8 56. Kg5 Kc8 57. Kg6 Kb7 58. Ra1 Rc7 59. Kf6 Rc5 60. Ke6 a5 61. Kd6 Kb6 62. Ra4 Rb5 63. Rc4 Rb4 64. Rc6+ Kb5 65. Rc8 Ka4 66. Kc5 Kb3 67. Rf8 Ka3 68. Rf1 Ka2 69. Rg1 Rb2 70. Kc4 a4 71. Kc3 a3 72. Rf1 Rb1 1/2-1/2

[Event "Bayernliga U20 1314"]
[Site "Bayern"]
[Date "2013.11.16"]
[Round "1.5"]
[White "Schindler, Tobias"]
[Black "Hilger, Sebastian"]
[Result "1-0"]
[WhiteElo "1853"]
[BlackElo "1395"]
[PlyCount "87"]
[EventDate "2013.11.16"]
[EventType "team-tourn"]
[EventRounds "7"]
[EventCountry "GER"]
[SourceTitle "EXT 2022"]
[Source "ChessBase"]
[SourceDate "2021.10.06"]
[SourceVersion "1"]
[SourceVersionDate "2021.10.06"]
[SourceQuality "1"]
[WhiteTeam "Kelheim SK U20"]
[BlackTeam "Vaterstetten SC U20"]
[WhiteTeamCountry "GER"]
[BlackTeamCountry "GER"]

1. c4 e5 2. g3 Nf6 3. Bg2 d5 4. cxd5 Nxd5 5. Nc3 Be6 6. Nf3 Nc6 7. 0-0 Qd7 8. d3 0-0-0 9. Ng5 Nxc3 10. bxc3 Bd5 11. Bxd5 Qxd5 12. c4 Qd7 13. Bd2 f6 14. Nf3 g5 15. Bc3 g4 16. Nd2 h5 17. Rb1 h4 18. Kg2 Nd4 19. Bxd4 exd4 20. Qb3 Qc6+ 21. Kg1 hxg3 22. fxg3 Bh6 23. Ne4 Be3+ 24. Kg2 Rdf8 25. Qb5 Rh6 26. Qf5+ Qd7 27. Qxd7+ Kxd7 28. Nc5+ Kc6 29. Nxb7 Rfh8 30. Rh1 f5 31. Na5+ Kd7 32. Rb5 f4 33. gxf4 Bxf4 34. Rd5+ Ke6 35. Nc6 Rxh2+ 36. Rxh2 Rxh2+ 37. Kg1 g3 38. Nxd4+ Ke7 39. Nf5+ Ke6 40. Nd4+ Ke7 41. Nf5+ Ke6 42. e3 Bh6 43. Ra5 Rh5 44. Nd4+ 1-0